LEADER 00916nam0-22003131i-450- 001 990007505720403321 005 20060117102848.0 035 $a000750572 035 $aFED01000750572 035 $a(Aleph)000750572FED01 035 $a000750572 100 $a20030814d1966----km-y0itay50------ba 101 0 $aeng 102 $aGB 105 $ab-------001yy 200 1 $aCity and Region$ea geographical interpretation$fby Robert E. Dickinson 205 $a3. Impr. 210 $aLondon$cRoutledge & Kegan Paul$d1966 215 $aXX, 588 p.$cill.$d24 cm 225 1 $aInternational library of sociology and social reconstruction 610 0 $aRegioni 700 1$aDickinson,$bRobert Eric$f<1905-1981>$032653 801 0$aIT$bUNINA$gRICA$2UNIMARC 901 $aBK 912 $a990007505720403321 952 $aC-07-101$bIst.9322$fILFGE 959 $aILFGE 996 $aCity and Region$9676762 997 $aUNINA